000 01125nam a2200313 a 4500
003 CO-PeBPR
005 20260419081550.0
007 ta
008 231207s2023 ck a|||br|||| 00||j spa d
020 _a9786289549775
040 0 _aCO-PeBPR
_bspa
_cCO-PeBPR
_erda
041 0 _hspa
082 0 4 _a(i) A863 R934s
100 1 _aRuiz Johnson, Mariana,
_d1984-
_eautora
_9279652
245 1 0 _aLa sopa más rica y otros cuentos
_c/ Mariana Ruiz Johnson
250 _aEdición especial
264 1 _aBogotá, Colombia
_b: Cataplum Libros
_c, 2023
300 _a30 páginas sin numerar
_b: ilustraciones a color
_c; 22 centímetros
336 _atexto
_btxt
337 _asin mediación
_bn
_2rdamedia
338 _avolumen
_bnc
_2rdacarrier
521 1 _aRecomendado para un público infantil mayor de 6 años.
650 1 4 _2LEMB
_aCuentos infantiles argentinos
_ySiglo XX
_93527
650 1 4 _2LEMB
_aLiteratura infantil argentina
_ySiglo XX
_9279653
650 1 4 _2LEMB
_aAutoras argentinas
_9141458
650 1 4 _2LEMB
_aAnimales en la literatura
_9378
650 1 4 _2LEMB
_aAmistad en la literatura
_9497
942 _2ddc
_cBKINF
999 _c17364
_d17364